| 000 | 00965nas a2200313 4500 | ||
|---|---|---|---|
| 001 | BR2010003897 | ||
| 003 | BR-BrBNA | ||
| 005 | 20231205114636.0 | ||
| 007 | ta | ||
| 008 | 230509b bl.|||p| |||| 00| 00por d | ||
| 040 |
_aBR-BrBNA _bpor _cBiblioteca Nacional de Agricultura |
||
| 041 | _a(Pt) | ||
| 072 | _aP34; F02 | ||
| 100 | 1 | _aNunes, J.L. da S. | |
| 100 | 1 | _aSouza, P.V.D. de | |
| 100 | 1 | _aMarodin, G.A.B. | |
| 100 | 1 | _aFachinello, J.C. | |
| 245 | 1 | _aEficiência de fungos micorrízicos arbusculares sobre o crescimento do porta-enxerto de pessegueiro Aldrighi | |
| 650 | _aPÊSSEGO | ||
| 650 | _aPORTA ENXERTO | ||
| 650 | _aNUTRIÇÃO VEGETAL | ||
| 650 | _aCRESCIMENTO | ||
| 650 | _aMICORRIZA VESICULAR ARBUSCULAR | ||
| 650 | _aINOCULAÇÃO | ||
| 650 | _aSIMBIOSE | ||
| 773 | 0 |
_tBragantia (Brazil) _xISSN 0006-8705 _g(Oct-Dec 2009), v. 68(4) p. 931-940 _wBR2010003897 |
|
| 909 |
_a202311 _bLúcia _c55 _dLúcia Elande |
||
| 942 |
_2AGRIS _n0 _cANA |
||
| 999 |
_c209721 _d209721 |
||